English for science and technology : a handbook for nonnative speakers (Record no. 84739)

MARC details
000 -LEADER
fixed length control field 00462nam a2200133 4500
008 - FIXED-LENGTH DATA ELEMENTS--GENERAL INFORMATION
fixed length control field 240209b |||||||| |||| 00| 0 eng d
020 ## - INTERNATIONAL STANDARD BOOK NUMBER
International Standard Book Number 0070308217
100 ## - MAIN ENTRY--PERSONAL NAME
9 (RLIN) 2446
Personal name Huckin, Thomas N.
245 ## - TITLE STATEMENT
Linkage
Title English for science and technology : a handbook for nonnative speakers
Statement of responsibility, etc. / by Thomas N. Huckin and Leslie A. Olsen
250 ## - EDITION STATEMENT
Edition statement International edition
260 ## - PUBLICATION, DISTRIBUTION, ETC.
Place of publication, distribution, etc. New York :
Name of publisher, distributor, etc. McGraw-Hill,
Date of publication, distribution, etc. 1983
300 ## - PHYSICAL DESCRIPTION
Extent xvii, 549 pages : illustration
942 ## - ADDED ENTRY ELEMENTS (KOHA)
Source of classification or shelving scheme
Holdings
Withdrawn status Lost status Source of classification or shelving scheme Damaged status Not for loan Collection code Home library Current library Shelving location Date acquired Total Checkouts Full call number Barcode Date last seen Copy number Price effective from Koha item type
          Main Library Open Access Collection CBU-MAIN LIBRARY, KITWE. CBU-MAIN LIBRARY, KITWE. General Stacks 03/02/1992   T 11 Huc 743170 02/09/2024 1 02/09/2024 MONOGRAPH